000 01230nam0a22002771 4500
001 rc\3308154
005 20260503063418.0
021 _aRU
_b73-8014
021 _aRU
_bРг4584-73
035 _a(NLR Aleph) 007412779
090 _a6833040
_c6833040
100 _a20130115d1971 |||y0rusy50 ca
101 0 _arus
102 _aRU
105 _aa z |||||
200 1 _aДолбяки
_e(Метод. пособие по курсу "Режущий инструмент")
_fДоц. к. т. н. Г.Н. Сахаров, инж. Б.Е. Седов
_gМ-во высш. и сред. спец. образ. РСФСР. Моск. станкоинструм. ин-т. Кафедра "Инструм. производство"
210 _aМосква
_cБ. и.
_d1971
215 _a[1], 4 с.
_cил.
_d20
701 1 _aСахаров
_bГ.Н.
_gГеоргий Николаевич
_4220
701 1 _aСедов
_bБ.Е.
712 0 2 _aМосковский станкоинструментальный институт
_bКафедра "Инструментальное производство"
_9499328
_3RU\NLR\AUTH\8810001082
801 0 _aRU
_bNLR
_gpsbo
801 1 _aRU
_bELAR
_2rusmarc
852 _aNLR
_j73-4/8542
942 _cBOOK
980 _aNB